000 01851nam a2200241Ia 4500
003 Ost
005 20260507075748.0
008 260507s9999||||xx |||||||||||||| ||und||
020 _a9789931140009
040 _cfsecg
041 _aara
082 _a657.833
100 _aصلاح، ربيعة
_eمؤلف
245 0 _aالمحاسبة المالية وفق النظام المحاسبي المالي :
_bمحاضرات وتمارين محلولة /
_c ربيعة صلاح
260 _aالجزائر :
_bدار أجيال الرقمي ,
_c2024
300 _a289 صفحة؛
_bإيضاحات ؛
_c24 سم
504 _aبيبلوغرافيا ص ص.287-289
520 _aيحتوي الكتاب على مدخل عام لعلم المحاسبة بما فيه مفاهيم أساسية في المحاسبة المالية كتدفقات الحساب المستندات ، الدورة المحاسبية، بالإضافة إلى الدفاتر المحاسبية والكشوف المالية و محاسبة عملية تأسيس المؤسسة ، دراسة حسابات الصنف الأول ، محاسبة الرسم على القيمة المضافة ، كما يحتوي على محاسبة التثبيتات المعنوية والعينية ومحاسبة المخزونات كالشراء والأنتاج والبيع، محاسبة مردودات المشتريات والمبيعات ومحاسبة التسبيقات على المخزونات، محاسبة التخفيضات التجارية والمالية، محسبة الأغلفة والأوراق المالية وفي الأخير أعمال نهاية الدورة المحاسبية .
653 _aالمحاسبة
653 _aالمحاسبة التحليلية
653 _aالنظام المحاسبي المالي - الجزائر
942 _cكتاب
999 _c46211
_d46211